000 00278nam a2200121Ia 4500
008 240625s9999 xx 000 0 und d
041 _aeng
082 _a808.2
100 _aMANORAMA MUSIC
245 _aJANARANJANI CARNATIC CLASSICAL INSTRUMEN
260 _c2013
365 _cRS
999 _c34921
_d34921